000 00648nam a2200217 a 4500
001 73104
003 BD-RjUL
005 20211209082341.0
008 840314s1957 enka 000 0 eng
035 _a(BD-RjUL)73322
040 _aDLC/ICU
_cICU
_dDLC
_dBD-RjUL
_beng
041 _aeng
082 0 0 _a621.3815
_223
_bCRS 1957
100 1 _aCrane, Peter Henry Gordon.
_9216248
245 1 0 _aSwitchgear principles /
_bPeter Henry Gordon Crane
260 _aLondon:
_bCleaver-Hume Press,
_c1957
300 _a238 p. :
_bill. ;
_c23 cm.
650 0 _aElectric switchgear.
_9158111
650 0 _aElectric circuit and componants
_9216249
942 _2ddc
_cBK
999 _c73104
_d73104